Metodika silového trojboja mŕtvy ťah a jeho správne prevedenie na súťaži

Bibliographic Details
Main Author: Kovalčík, Pavol (Author)
Format: Article
Language:Slovak
PhysicalDescription:Fotogr.
ISSN:1336-6068
Subjects:

MARC

LEADER 00000nab a2200000 ar4500
001 vtls008413572
003 SK-MaSNL
005 20260303070227.0
008 051206c2005 xo wr|p|||||||000 b|slo
015 |a SNBRB2005/12  |2 snkbucl 
038 |a SNKBUCL 
040 |a SNKBUCL  |b slo  |c SNKBUCL  |e AACR2 
041 0 |a slo 
044 |a xo  |c SK 
080 |a 796.88.015  |2 UDC-MRF-SK2 
100 1 |a Kovalčík, Pavol  |4 aut  |9 876421 
245 1 0 |a Metodika silového trojboja  |b mŕtvy ťah a jeho správne prevedenie na súťaži  |c Pavol Kovalčík 
300 |b Fotogr. 
650 0 7 |a silový trojboj  |2 snkbucl  |9 58231 
650 0 7 |a metodika  |2 snkbucl  |9 280023 
773 0 |t Muscular Storm  |g Č. 11 (2005), s. 72-73  |x 1336-6068 
852 |a SNK  |b KIS3GCP 
999 |c 1754461  |d 1756391